Purchasing And Supply Chain Management (Record no. 4638)

MARC details
005 - DATE AND TIME OF LATEST TRANSACTION
control field 20250623131419.0
020 ## - INTERNATIONAL STANDARD BOOK NUMBER
International Standard Book Number 978-0-273-72368-4
082 ## - DEWEY DECIMAL CLASSIFICATION NUMBER
Classification number 658.7LYS
100 ## - MAIN ENTRY--PERSONAL NAME
Author name LYSONS, K.
245 ## - TITLE STATEMENT
Title Purchasing And Supply Chain Management
250 ## - EDITION STATEMENT
Edition statement 8th Ed
260 ## - PUBLICATION, DISTRIBUTION, ETC.
Place of publication, distribution, etc. British
Name of publisher, distributor, etc. British Library Cataloguing -In- Publication Data,
Date of publication, distribution, etc. 1998.
300 ## - PHYSICAL DESCRIPTION
Extent xix,; 665p,; ill, table, figure, picture
Other physical details Index
Dimensions 24cm
700 ## - ADDED ENTRY--PERSONAL NAME
Other authors/Editors Farrington. B
942 ## - ADDED ENTRY ELEMENTS (KOHA)
Source of classification or shelving scheme Dewey Decimal Classification
Koha item type Books
Holdings
Date last seen Total checkouts Full call number Barcode Cost, replacement price Price effective from Koha item type Lost status Source of classification or shelving scheme Damaged status Not for loan Withdrawn status Home library Current library Shelving location Date acquired Cost, normal purchase price
06/23/2025   658.72 LYS DOM0004082 255000.00 06/23/2025 Books   Dewey Decimal Classification       CBE Dodoma CBE Dodoma Special Reserve Collection 09/30/2013 85000.00